New developments in constitutional law : (Record no. 1548)

MARC details
000 -LEADER
fixed length control field 01532cam a2200409 i 4500
001 - CONTROL NUMBER
control field data
005 - DATE AND TIME OF LATEST TRANSACTION
control field 20260322212105.0
008 - FIXED-LENGTH DATA ELEMENTS--GENERAL INFORMATION
fixed length control field data
035 ## - SYSTEM CONTROL NUMBER
System control number 20472258
010 ## - LIBRARY OF CONGRESS CONTROL NUMBER
LC control number 2017478416
020 ## - INTERNATIONAL STANDARD BOOK NUMBER
International Standard Book Number 9462367582
020 ## - INTERNATIONAL STANDARD BOOK NUMBER
International Standard Book Number 9789462367586
020 ## - INTERNATIONAL STANDARD BOOK NUMBER
Canceled/invalid ISBN 9789462747135 (E-book)
035 ## - SYSTEM CONTROL NUMBER
System control number (OCoLC)1015853392
040 ## - CATALOGING SOURCE
Original cataloging agency YDX
Language of cataloging eng
Transcribing agency YDX
Description conventions rda
Modifying agency DLC
-- OCLCF
-- OHX
-- EMI
-- OCLCO
-- DLC
042 ## - AUTHENTICATION CODE
Authentication code lccopycat
050 00 - LIBRARY OF CONGRESS CALL NUMBER
Classification number K3165
Item number .N484 2018
082 04 - DEWEY DECIMAL CLASSIFICATION NUMBER
Classification number 342
Edition information 23
245 00 - TITLE STATEMENT
Title New developments in constitutional law :
Remainder of title essays in honour of András Sajó /
Statement of responsibility, etc. edited by Iulia Motoc, Paulo Pinto de Albuquerque and Krzysztof Wojtyczek.
264 #1 - PRODUCTION, PUBLICATION, DISTRIBUTION, MANUFACTURE, AND COPYRIGHT NOTICE
Place of production, publication, distribution, manufacture The Hague, The Netherlands :
Name of producer, publisher, distributor, manufacturer Eleven International Publishing,
Date of production, publication, distribution, manufacture, or copyright notice [2018]
300 ## - PHYSICAL DESCRIPTION
Extent xiii, 548 pages ;
Dimensions 25 cm
336 ## - CONTENT TYPE
Content type term text
Content type code txt
Source rdacontent
337 ## - MEDIA TYPE
Media type term unmediated
Media type code n
Source rdamedia
338 ## - CARRIER TYPE
Carrier type term volume
Carrier type code nc
Source rdacarrier
504 ## - BIBLIOGRAPHY, ETC. NOTE
Bibliography, etc. note Includes bibliographical references and index.
650 #0 - SUBJECT ADDED ENTRY--TOPICAL TERM
Topical term or geographic name entry element Constitutional law.
650 #0 - SUBJECT ADDED ENTRY--TOPICAL TERM
Topical term or geographic name entry element Constitutional law
General subdivision European influences.
650 #7 - SUBJECT ADDED ENTRY--TOPICAL TERM
Topical term or geographic name entry element Constitutional law.
Source of heading or term fast
Authority record control number or standard number (OCoLC)fst00875797
650 #7 - SUBJECT ADDED ENTRY--TOPICAL TERM
Topical term or geographic name entry element Constitutional law
General subdivision European influences.
Source of heading or term fast
Authority record control number or standard number (OCoLC)fst00875810
700 1# - ADDED ENTRY--PERSONAL NAME
Personal name Sajó, András,
Relator term honouree.
700 1# - ADDED ENTRY--PERSONAL NAME
Personal name Motoc, Iulia,
Relator term editor.
700 1# - ADDED ENTRY--PERSONAL NAME
Personal name Albuquerque, Paulo Pinto de,
Relator term editor.
700 1# - ADDED ENTRY--PERSONAL NAME
Personal name Wojtyczek, Krzysztof,
Relator term editor.
906 ## - LOCAL DATA ELEMENT F, LDF (RLIN)
a 7
b cbc
c copycat
d 2
e ncip
f 20
g y-gencatlg
925 0# -
-- acquire
-- 1 shelf copy
-- policy default
Holdings
Withdrawn status Lost status Damaged status Not for loan Home library Current library Shelving location Date acquired Total checkouts Full call number Barcode Date last seen Price effective from Koha item type
        Liberty Liberty General stacks 22/03/2026   342 LOC-LPL-00011 22/03/2026 22/03/2026 Books